<?xml version="1.0" encoding="UTF-8"?>
<collection xmlns="http://www.loc.gov/MARC21/slim">
 <record>
  <leader>03328nam a2200541 a 4500</leader>
  <controlfield tag="001">1/54083</controlfield>
  <controlfield tag="008">211020m19711978us a     d    000 |ceng d</controlfield>
  <datafield tag="020" ind1=" " ind2=" ">
   <subfield code="a">0684101122</subfield>
   <subfield code="q">(τ. 1)</subfield>
  </datafield>
  <datafield tag="020" ind1=" " ind2=" ">
   <subfield code="a">0684101130</subfield>
   <subfield code="q">(τ. 2)</subfield>
  </datafield>
  <datafield tag="020" ind1=" " ind2=" ">
   <subfield code="a">684101149</subfield>
   <subfield code="q">(τ. 3)</subfield>
  </datafield>
  <datafield tag="020" ind1=" " ind2=" ">
   <subfield code="a">684101157</subfield>
   <subfield code="q">(τ. 4)</subfield>
  </datafield>
  <datafield tag="020" ind1=" " ind2=" ">
   <subfield code="a">0684101165</subfield>
   <subfield code="q">(τ. 5)</subfield>
  </datafield>
  <datafield tag="020" ind1=" " ind2=" ">
   <subfield code="a">0684169657</subfield>
   <subfield code="q">(τ. 6)</subfield>
  </datafield>
  <datafield tag="020" ind1=" " ind2=" ">
   <subfield code="a">0684169622</subfield>
   <subfield code="q">(τ. 7)</subfield>
  </datafield>
  <datafield tag="020" ind1=" " ind2=" ">
   <subfield code="a">68410119X</subfield>
   <subfield code="q">(τ. 8)</subfield>
  </datafield>
  <datafield tag="020" ind1=" " ind2=" ">
   <subfield code="a">0684101203</subfield>
   <subfield code="q">(τ. 9)</subfield>
  </datafield>
  <datafield tag="020" ind1=" " ind2=" ">
   <subfield code="a">0684101211</subfield>
   <subfield code="q">(τ. 10)</subfield>
  </datafield>
  <datafield tag="020" ind1=" " ind2=" ">
   <subfield code="a">068410122X</subfield>
   <subfield code="q">(τ. 11)</subfield>
  </datafield>
  <datafield tag="020" ind1=" " ind2=" ">
   <subfield code="a">0684129248</subfield>
   <subfield code="q">(τ. 12)</subfield>
  </datafield>
  <datafield tag="020" ind1=" " ind2=" ">
   <subfield code="a">068416969X</subfield>
   <subfield code="q">(τ. 13)</subfield>
  </datafield>
  <datafield tag="020" ind1=" " ind2=" ">
   <subfield code="a">0684129264</subfield>
   <subfield code="q">(τ. 14)</subfield>
  </datafield>
  <datafield tag="020" ind1=" " ind2=" ">
   <subfield code="a">0684164175</subfield>
   <subfield code="q">(τ. 15)</subfield>
  </datafield>
  <datafield tag="040" ind1=" " ind2=" ">
   <subfield code="a">GR-PeUP</subfield>
  </datafield>
  <datafield tag="082" ind1="0" ind2="0">
   <subfield code="a">509.22 DIC</subfield>
  </datafield>
  <datafield tag="245" ind1="1" ind2="0">
   <subfield code="a">Dictionary of scientific biography /</subfield>
   <subfield code="c">editor Charles Coulston Gillispie.</subfield>
  </datafield>
  <datafield tag="260" ind1=" " ind2=" ">
   <subfield code="a">New York :</subfield>
   <subfield code="b">Charles Scribner's sons,</subfield>
   <subfield code="c">1971-1978.</subfield>
  </datafield>
  <datafield tag="300" ind1=" " ind2=" ">
   <subfield code="a">τ. 1-15 :</subfield>
   <subfield code="b">εικ. ;</subfield>
   <subfield code="c">29 εκ.</subfield>
  </datafield>
  <datafield tag="505" ind1="0" ind2=" ">
   <subfield code="a">Τ. 1 Pierre Abailard - L. S. Berg -- τ. 2 Hans Berger - Christoph Buys Ballot -- τ. 3 Pierre Cabanis- Heinrich von Dechen -- τ. 4 Rischard Dedekind- Firmicus Maternus -- τ. 5 Emil Fischer - Gottlieb Haberlandt -- τ. 6. Jean Hachette - Joseph Hyrtl -- τ. 7. Iamblichus-Karl Landsteiner -- τ. 8 Jonathan Homer lane - Pierre Joseph Macquer -- τ. 9 A. T. Macrobius - K. F. Naumann -- τ. 10 S. G. Navashin - W. Piso -- τ. 11 A. Pitcairn - B. Rush -- τ. 12 Ibn Rushd - Jean-Servais Stas -- τ. 13. Hermann Staudinger - Giuseppe Veronese -- τ. 14 Addison Emery Nerrill - Johanna Zwelfer -- τ. 15. Supplement I.</subfield>
  </datafield>
  <datafield tag="650" ind1=" " ind2="0">
   <subfield code="a">Scientists</subfield>
   <subfield code="x">Biography</subfield>
   <subfield code="x">Dictionaries.</subfield>
  </datafield>
  <datafield tag="650" ind1=" " ind2="4">
   <subfield code="a">Επιστήμονες</subfield>
   <subfield code="x">Βιογραφία</subfield>
   <subfield code="x">Λεξικά.</subfield>
  </datafield>
  <datafield tag="700" ind1="1" ind2=" ">
   <subfield code="a">Gillispie, Charles Coulston.</subfield>
  </datafield>
  <datafield tag="852" ind1=" " ind2=" ">
   <subfield code="a">INST</subfield>
   <subfield code="b">UNIPILB</subfield>
   <subfield code="c">MAIN</subfield>
   <subfield code="e">20211020</subfield>
   <subfield code="h">509.22 DIC</subfield>
   <subfield code="p">00186079</subfield>
   <subfield code="q">00186079</subfield>
   <subfield code="t">LOAN</subfield>
   <subfield code="v">τομ.8:</subfield>
   <subfield code="y">0</subfield>
   <subfield code="4">1</subfield>
  </datafield>
  <datafield tag="852" ind1=" " ind2=" ">
   <subfield code="a">INST</subfield>
   <subfield code="b">UNIPILB</subfield>
   <subfield code="c">MAIN</subfield>
   <subfield code="e">20211020</subfield>
   <subfield code="h">509.22 DIC</subfield>
   <subfield code="p">00186080</subfield>
   <subfield code="q">00186080</subfield>
   <subfield code="t">LOAN</subfield>
   <subfield code="v">τομ.9:</subfield>
   <subfield code="y">0</subfield>
   <subfield code="4">1</subfield>
  </datafield>
  <datafield tag="852" ind1=" " ind2=" ">
   <subfield code="a">INST</subfield>
   <subfield code="b">UNIPILB</subfield>
   <subfield code="c">MAIN</subfield>
   <subfield code="e">20211020</subfield>
   <subfield code="h">509.22 DIC</subfield>
   <subfield code="p">00186081</subfield>
   <subfield code="q">00186081</subfield>
   <subfield code="t">LOAN</subfield>
   <subfield code="v">τομ.11:</subfield>
   <subfield code="y">0</subfield>
   <subfield code="4">1</subfield>
  </datafield>
  <datafield tag="852" ind1=" " ind2=" ">
   <subfield code="a">INST</subfield>
   <subfield code="b">UNIPILB</subfield>
   <subfield code="c">MAIN</subfield>
   <subfield code="e">20211020</subfield>
   <subfield code="h">509.22 DIC</subfield>
   <subfield code="p">00186082</subfield>
   <subfield code="q">00186082</subfield>
   <subfield code="t">LOAN</subfield>
   <subfield code="v">τομ.14:</subfield>
   <subfield code="y">0</subfield>
   <subfield code="4">1</subfield>
  </datafield>
  <datafield tag="852" ind1=" " ind2=" ">
   <subfield code="a">INST</subfield>
   <subfield code="b">UNIPILB</subfield>
   <subfield code="c">MAIN</subfield>
   <subfield code="e">20211020</subfield>
   <subfield code="h">509.22 DIC</subfield>
   <subfield code="p">00186083</subfield>
   <subfield code="q">00186083</subfield>
   <subfield code="t">LOAN</subfield>
   <subfield code="v">τομ.5:</subfield>
   <subfield code="y">0</subfield>
   <subfield code="4">1</subfield>
  </datafield>
  <datafield tag="852" ind1=" " ind2=" ">
   <subfield code="a">INST</subfield>
   <subfield code="b">UNIPILB</subfield>
   <subfield code="c">MAIN</subfield>
   <subfield code="e">20211020</subfield>
   <subfield code="h">509.22 DIC</subfield>
   <subfield code="p">00186084</subfield>
   <subfield code="q">00186084</subfield>
   <subfield code="t">LOAN</subfield>
   <subfield code="v">τομ.10:</subfield>
   <subfield code="y">0</subfield>
   <subfield code="4">1</subfield>
  </datafield>
  <datafield tag="852" ind1=" " ind2=" ">
   <subfield code="a">INST</subfield>
   <subfield code="b">UNIPILB</subfield>
   <subfield code="c">MAIN</subfield>
   <subfield code="e">20211020</subfield>
   <subfield code="h">509.22 DIC</subfield>
   <subfield code="p">00186085</subfield>
   <subfield code="q">00186085</subfield>
   <subfield code="t">LOAN</subfield>
   <subfield code="v">τομ.4:</subfield>
   <subfield code="y">0</subfield>
   <subfield code="4">1</subfield>
  </datafield>
  <datafield tag="852" ind1=" " ind2=" ">
   <subfield code="a">INST</subfield>
   <subfield code="b">UNIPILB</subfield>
   <subfield code="c">MAIN</subfield>
   <subfield code="e">20211020</subfield>
   <subfield code="h">509.22 DIC</subfield>
   <subfield code="p">00186086</subfield>
   <subfield code="q">00186086</subfield>
   <subfield code="t">LOAN</subfield>
   <subfield code="v">τομ.3:</subfield>
   <subfield code="y">0</subfield>
   <subfield code="4">1</subfield>
  </datafield>
  <datafield tag="852" ind1=" " ind2=" ">
   <subfield code="a">INST</subfield>
   <subfield code="b">UNIPILB</subfield>
   <subfield code="c">MAIN</subfield>
   <subfield code="e">20220103</subfield>
   <subfield code="h">509.22 DIC</subfield>
   <subfield code="p">00186334</subfield>
   <subfield code="q">00186334</subfield>
   <subfield code="t">LOAN</subfield>
   <subfield code="v">τομ.7:</subfield>
   <subfield code="y">0</subfield>
   <subfield code="4">1</subfield>
  </datafield>
  <datafield tag="852" ind1=" " ind2=" ">
   <subfield code="a">INST</subfield>
   <subfield code="b">UNIPILB</subfield>
   <subfield code="c">MAIN</subfield>
   <subfield code="e">20220103</subfield>
   <subfield code="h">509.22 DIC</subfield>
   <subfield code="p">00186335</subfield>
   <subfield code="q">00186335</subfield>
   <subfield code="t">LOAN</subfield>
   <subfield code="v">τομ.13:</subfield>
   <subfield code="y">0</subfield>
   <subfield code="4">1</subfield>
  </datafield>
  <datafield tag="852" ind1=" " ind2=" ">
   <subfield code="a">INST</subfield>
   <subfield code="b">UNIPILB</subfield>
   <subfield code="c">MAIN</subfield>
   <subfield code="e">20220103</subfield>
   <subfield code="h">509.22 DIC</subfield>
   <subfield code="p">00186336</subfield>
   <subfield code="q">00186336</subfield>
   <subfield code="t">LOAN</subfield>
   <subfield code="v">τομ.6:</subfield>
   <subfield code="y">0</subfield>
   <subfield code="4">1</subfield>
  </datafield>
  <datafield tag="852" ind1=" " ind2=" ">
   <subfield code="a">INST</subfield>
   <subfield code="b">UNIPILB</subfield>
   <subfield code="c">MAIN</subfield>
   <subfield code="e">20220120</subfield>
   <subfield code="h">509.22 DIC</subfield>
   <subfield code="p">00186337</subfield>
   <subfield code="q">00186337</subfield>
   <subfield code="t">LOAN</subfield>
   <subfield code="v">τομ.15:</subfield>
   <subfield code="y">0</subfield>
   <subfield code="4">1</subfield>
  </datafield>
  <datafield tag="852" ind1=" " ind2=" ">
   <subfield code="a">INST</subfield>
   <subfield code="b">UNIPILB</subfield>
   <subfield code="c">MAIN</subfield>
   <subfield code="e">20220120</subfield>
   <subfield code="h">509.22 DIC</subfield>
   <subfield code="p">00186801</subfield>
   <subfield code="q">00186801</subfield>
   <subfield code="t">LOAN</subfield>
   <subfield code="v">τομ.1:</subfield>
   <subfield code="y">0</subfield>
   <subfield code="4">1</subfield>
  </datafield>
  <datafield tag="852" ind1=" " ind2=" ">
   <subfield code="a">INST</subfield>
   <subfield code="b">UNIPILB</subfield>
   <subfield code="c">MAIN</subfield>
   <subfield code="e">20220120</subfield>
   <subfield code="h">509.22 DIC</subfield>
   <subfield code="p">00186802</subfield>
   <subfield code="q">00186802</subfield>
   <subfield code="t">LOAN</subfield>
   <subfield code="v">τομ.2:</subfield>
   <subfield code="y">0</subfield>
   <subfield code="4">1</subfield>
  </datafield>
  <datafield tag="852" ind1=" " ind2=" ">
   <subfield code="a">INST</subfield>
   <subfield code="b">UNIPILB</subfield>
   <subfield code="c">MAIN</subfield>
   <subfield code="e">20220120</subfield>
   <subfield code="h">509.22 DIC</subfield>
   <subfield code="p">00186803</subfield>
   <subfield code="q">00186803</subfield>
   <subfield code="t">LOAN</subfield>
   <subfield code="v">τομ.12:</subfield>
   <subfield code="y">0</subfield>
   <subfield code="4">1</subfield>
  </datafield>
  <datafield tag="853" ind1=" " ind2=" ">
   <subfield code="a">INST</subfield>
   <subfield code="b">UNIPILB</subfield>
   <subfield code="c">MAIN</subfield>
   <subfield code="h">509.22 DIC</subfield>
   <subfield code="l">τομ.15-τομ.1</subfield>
  </datafield>
  <datafield tag="960" ind1=" " ind2=" ">
   <subfield code="a">ΜΑΡΙΑ ΒΕΛ</subfield>
  </datafield>
 </record>
</collection>
